Parson's Diseases of the eye. (Record no. 7564)
[ view plain ]
| 000 -LEADER | |
|---|---|
| fixed length control field | 00918cam a2200325 a 4500 |
| 001 - CONTROL NUMBER | |
| JCCL Control Number | 7564 |
| 003 - CONTROL NUMBER IDENTIFIER | |
| JCCL marc code | BD-JhCC |
| 005 - DATE AND TIME OF LATEST TRANSACTION | |
| control field | 20180211180637.0 |
| 008 - FIXED-LENGTH DATA ELEMENTS--GENERAL INFORMATION | |
| fixed length control field | 820825s1984 stkaf 001 0 eng |
| 020 ## - INTERNATIONAL STANDARD BOOK NUMBER | |
| International Standard Book Number | 0443031975 : |
| Terms of availability | £15.00 |
| 035 ## - SYSTEM CONTROL NUMBER | |
| system control number | (BD-JhCC)7564 |
| 040 ## - CATALOGING SOURCE | |
| Original cataloging agency | DLC |
| Transcribing agency | DLC |
| Modifying agency | DLC |
| 041 ## - LANGUAGE CODE | |
| Language code of Book | eng |
| -- | BD-JhCC |
| 050 10 - LIBRARY OF CONGRESS CALL NUMBER | |
| Classification number | RE46 |
| Item number | .P33 1984 |
| 060 ## - NATIONAL LIBRARY OF MEDICINE CALL NUMBER | |
| Classification number | WW 100 P268p |
| 082 00 - DEWEY DECIMAL CLASSIFICATION NUMBER | |
| Classification number | 617.7 |
| DDC Edition number | 19 |
| Author mark and Year | PAR 1975 |
| 100 1# - MAIN ENTRY--PERSONAL NAME | |
| Personal name | Parsons, John Herbert, |
| Titles and other words associated with a name | Sir, |
| Dates associated with a name | 1868-1957. |
| 240 10 - UNIFORM TITLE | |
| Uniform title | Diseases of the eye |
| 245 10 - TITLE STATEMENT | |
| Title | Parson's Diseases of the eye. |
| 250 ## - EDITION STATEMENT | |
| Edition statement | 17th ed. / |
| 260 ## - PUBLICATION, DISTRIBUTION, ETC. (IMPRINT) | |
| Place of publication, distribution, etc | Edinburgh ; |
| -- | New York : |
| Name of publisher, distributor, etc | Churchill Livingstone, |
| Date of publication, distribution, etc | 1984. |
| 300 ## - PHYSICAL DESCRIPTION | |
| Pagination | 384 p., [7] p. of plates : |
| Other physical details | ill. (some col.) ; |
| Dimensions | 26 cm. |
| 500 ## - GENERAL NOTE | |
| General note | Includes index. |
| 650 #0 - SUBJECT ADDED ENTRY--TOPICAL TERM | |
| Topical term or geographic name as entry element | Ophthalmology. |
| 650 #2 - SUBJECT ADDED ENTRY--TOPICAL TERM | |
| Topical term or geographic name as entry element | Eye Diseases. |
| 700 1# - ADDED ENTRY--PERSONAL NAME | |
| Personal name | Miller, Stephen J. H. |
| 740 0# - | |
| Uncontrolled related/analytical title | Diseases of the eye. |
| 942 ## - ADDED ENTRY ELEMENTS (KOHA) | |
| Source of classification or shelving scheme | Dewey Decimal Classification |
| Koha item type | Books |
| Source of classification or shelving scheme | Damaged status | Not for loan | Home library | Current library | Shelving location | Total Checkouts | Full call number | Barcode | Date last seen | Copy number | Koha item type |
|---|---|---|---|---|---|---|---|---|---|---|---|
| Dewey Decimal Classification | JCC Rouf Library | JCC Rouf Library | General Stacks | 617.7 PAR 1975 | 10171 | 02/11/2018 | C - 1 | Books |